Score 0/20 Timer 03:00
2 Plays Today
% Correct
Iran
98.8%
Iris
97.7%
Italy
97.4%
Iron
95.1%
Irene
90.4%
Ibex
87.3%
Israel
87.2%
Iguana
86.7%
Iodine
78.9%
Impala
71.8%
% Correct
Indonesia
67.1%
Iceland
64.6%
Ingrid
63.7%
Isabella
63.5%
Insect
53.9%
Imogen
50.1%
Immune
38.2%
Incus
32.6%
Insulin
29.4%
Inchworm
29%

You're not logged in!

Compare scores with friends on all Sporcle quizzes.
OR
Log In

Sporcle TV

Today on Sporcle TV


Watch our educational content, quiz creation guides, and fun videos on Sporcle TV.

Show Comments

Extras

Top Quizzes Today


Score Distribution

Your Account Isn't Verified!

In order to create a playlist on Sporcle, you need to verify the email address you used during registration. Go to your Sporcle Settings to finish the process.

Report this User

Report this user for behavior that violates our Community Guidelines.

Details: